000 00562nam a22001937a 4500
005 20220314114953.0
008 220314b ||||| |||| 00| 0 eng d
040 _cAL
041 _aEnglish
082 _223
_a510.2465
_bKUMB
100 _aInder Kumar
_923589
245 _aBusiness Mathematics:II Sem B.com
260 _aLudhiana
_bKalyani Publishers
_c2022
300 _a236 p.
_bPB
_c24x16 cm.
365 _a6351
_b₹156.00
_c
_d₹195.00
_e20%
_f10-03-2022
650 _aBusiness Mathematics
_923577
700 _aKUMAR (Inder)
_923578
942 _2ddc
_cBK
999 _c221861
_d221861